Mathematical A-Z #2 - Statistics

General Stats
  • This quiz has been taken 43 times
  • The average score is 15 of 26
Answer Stats
Hint Answer % Correct
K 1 million miligrams Kilogram
88%
O Ellipse Oval
80%
U A circle with radius one is a ___ circle Unit
80%
A What | | means Absolute value
78%
D Symbol used to represent the change in a variable Delta
78%
G 1 followed by 100 0's Googol
78%
H Shape of DNA Helix
78%
Y Approximately 30 million seonds 1 Year
73%
I Inverse of differentiation Integration
73%
M 3 Averages: Mean, Median, ... Mode
73%
Q The result obtained from division Quotient
73%
R An alternative to degrees Radian
73%
V Corner Vertex
73%
C The locus of points that are equidistant from a given point Circle
58%
X If y = (x-z)/a, then x = ... ay+z
55%
S A 'weaker' version of congruent for shapes Similar
53%
Z The 'identity' in the ring of integers, under addition Zero
53%
E A function that is symmetrical about the y-axis Even
50%
F Created a theorem that looks like Pythagoras' theorem, but took over 350 years to prove Fermat
50%
L A proposition stemming from a theorem Lemma
50%
B A sequence converges if it is monotonic and ... Bounded
45%
N Orthogonal Normal
43%
W Solver of F's theorem Andrew Wiles
38%
T A frustum is a _____ cone Truncated
18%
J First African-American woman to work as a NASA scientist Katherine Johnson
15%
P He solved the only solved Millennium problem so far Perelman
15%
No matching quizzes found
Score Distribution
Percent of People with Each Score
Percentile by Number Answered
Your Score History
You have not taken this quiz